| 000 | 00543nam a2200181Ia 4500 | ||
|---|---|---|---|
| 008 | 151202s9999||||xx |||||||||||||| ||und|| | ||
| 082 | _bPNVM-61542 | ||
| 100 | _aपटर्वान रमेश. | ||
| 245 | _aघरवापसी. | ||
| 260 | _bसमााी प्रकाशन पुणे. | ||
| 260 | _c61542 | ||
| 300 | _a140 | ||
| 600 | _aपटर्वान रमेश. | ||
| 630 | _aघरवापसी. | ||
| 700 | _aपटर्वान रमेश. | ||
| 730 | _aघरवापसी. | ||
| 942 | _cBOOK | ||
| 999 |
_c1328076 _d1328073 |
||